[Event "IND-ch U15"]
[Site "Mumbai"]
[Date "2009.11.04"]
[Round "5"]
[White "Deshmukh, Sonia"]
[Black "Hema, Priya N"]
[Result "1-0"]
[WhiteElo "1852"]
[BlackElo "1747"]
[PlyCount "87"]
[EventDate "2009.11.01"]
[EventType "swiss"]
[EventRounds "11"]
[EventCountry "IND"]
[SourceTitle "EXT 2011"]
[Source "ChessBase"]
[SourceDate "2010.11.26"]
[SourceVersion "1"]
[SourceVersionDate "2010.11.26"]
[SourceQuality "1"]

1. d4 d5 2. Nf3 Nf6 3. e3 c6 4. Bd3 Bg4 5. Nbd2 e6 6. c4 Nbd7 7. Qc2 c5 8. Ne5 Bh5 9. f4 Rc8 10. Qb3 Qb6 11. cxd5 Qxb3 12. axb3 Nxd5 13. Bb5 N5b6 14. Ndc4 Kd8 15. Nxd7 Nxd7 16. Rxa7 cxd4 17. Bxd7 Kxd7 18. Nb6+ Kc7 19. Nxc8 Bc5 20. Ra4 b5 21. exd4 bxa4 22. dxc5 Rxc8 23. bxa4 Ra8 24. Kd2 Rxa4 25. Kd3 Bg6+ 26. Kc3 Re4 27. Bd2 Kc6 28. b4 Kb5 29. Kb2 Re2 30. Kc3 Re4 31. Kb2 Re2 32. Kc3 Rxg2 33. Ra1 Rxh2 34. Ra5+ Kc6 35. Be3 Be4 36. b5+ Kb7 37. c6+ Kb8 38. Kd4 f5 39. Kc5 Re2 40. Bd4 Bd5 41. Be5+ Rxe5 42. fxe5 f4 43. b6 f3 44. b7 1-0

[Event "IND-ch U17 Girls 20th"]
[Site "Chakradharpur"]
[Date "2009.10.09"]
[Round "4"]
[White "Deshmukh, Sonia"]
[Black "Priyanka, Kumari"]
[Result "1/2-1/2"]
[WhiteElo "1864"]
[BlackElo "2058"]
[PlyCount "44"]
[EventDate "2009.10.07"]
[EventType "swiss"]
[EventRounds "11"]
[EventCountry "IND"]
[SourceTitle "CBM 132 Extra"]
[Source "ChessBase"]
[SourceDate "2009.11.03"]
[SourceVersion "1"]
[SourceVersionDate "2009.11.03"]
[SourceQuality "1"]

1. e4 c5 2. c3 Nf6 3. e5 Nd5 4. d4 cxd4 5. cxd4 e6 6. Nf3 d6 7. exd6 Bxd6 8. Nc3 Nxc3 9. bxc3 0-0 10. Bd3 h6 11. 0-0 Qc7 12. Bb2 Nd7 13. c4 b6 14. Bc1 Bb7 15. Be3 Bxf3 16. Qxf3 Bxh2+ 17. Kh1 Bd6 18. g3 f5 19. Bd2 Rae8 20. Kg2 Nf6 21. Rac1 Ng4 22. Rfe1 Kh8 1/2-1/2

[Event "IND-ch U17 Girls 20th"]
[Site "Chakradharpur"]
[Date "2009.10.08"]
[Round "2"]
[White "Deshmukh, Sonia"]
[Black "Devangi, Patankar"]
[Result "1/2-1/2"]
[WhiteElo "1864"]
[BlackElo "2162"]
[PlyCount "63"]
[EventDate "2009.10.07"]
[EventType "swiss"]
[EventRounds "11"]
[EventCountry "IND"]
[SourceTitle "CBM 132 Extra"]
[Source "ChessBase"]
[SourceDate "2009.11.03"]
[SourceVersion "1"]
[SourceVersionDate "2009.11.03"]
[SourceQuality "1"]

1. e4 e6 2. d4 d5 3. Nd2 Nf6 4. e5 Nfd7 5. Bd3 c5 6. c3 Nc6 7. Ne2 cxd4 8. cxd4 f6 9. exf6 Nxf6 10. Nf3 Qc7 11. 0-0 Bd6 12. Bg5 0-0 13. Rc1 Bd7 14. a3 Ng4 15. Ng3 h6 16. Bd2 Qb6 17. Bc3 Bf4 18. Rb1 e5 19. dxe5 Ncxe5 20. Nxe5 Nxe5 21. Bc2 Be6 22. Bd4 Qd6 23. Re1 Nc6 24. Be3 Be5 25. Qd3 Bg4 26. Qh7+ Kf7 27. Nf5 Bxf5 28. Qxf5+ Kg8 29. Qh7+ Kf7 30. Qf5+ Kg8 31. Qh7+ Kf7 32. Qf5+ 1/2-1/2

[Event "WchT Schools 4th"]
[Site "Singapore"]
[Date "2008.07.26"]
[Round "4.2"]
[White "Deshmukh, Sonia"]
[Black "Sia, Xin Jie Selina"]
[Result "1-0"]
[WhiteElo "1795"]
[BlackElo "1778"]
[PlyCount "151"]
[EventDate "2008.07.23"]
[EventType "team-swiss"]
[EventRounds "9"]
[EventCountry "SIN"]
[SourceTitle "EXT 2009"]
[Source "ChessBase"]
[SourceDate "2008.11.26"]
[SourceVersion "1"]
[SourceVersionDate "2008.11.26"]
[SourceQuality "1"]

1. e4 e5 2. Nf3 Nc6 3. Bc4 Bc5 4. c3 Nf6 5. d3 d6 6. h3 a6 7. Bb3 Be6 8. Nbd2 h6 9. 0-0 0-0 10. Re1 Ba7 11. Nf1 Ne7 12. Nh4 Qd7 13. Be3 Bxe3 14. Rxe3 Ng6 15. Bxe6 Qxe6 16. Nf5 Nf4 17. N1g3 Kh7 18. Ne2 N6h5 19. Nxf4 Nxf4 20. Qf3 g6 21. Ng3 Rg8 22. Ne2 g5 23. Kh2 g4 24. hxg4 Rxg4 25. g3 Nxe2 26. Qxe2 Rag8 27. b3 Kg7 28. Rh1 Kf8 29. Kg2 Qg6 30. d4 h5 31. dxe5 dxe5 32. Qc4 h4 33. Qxc7 hxg3 34. Qb8+ Kg7 35. Qxe5+ Kf8 36. Qc5+ Kg7 37. f3 Rf4 38. Qe5+ Qf6 39. Qxf6+ Kxf6 40. Rh3 Ke6 41. Rxg3 Rd8 42. Re2 Rf6 43. Kf2 Ke7 44. Rg5 Rd3 45. Re5+ Kf8 46. Re3 Rd2+ 47. Kg3 Rxa2 48. Rd3 Ra3 49. b4 Rc6 50. Rc5 Rxc5 51. bxc5 Ke7 52. Kf4 Ra5 53. Rd5 Ra3 54. Rd3 Ra5 55. Rd5 Ra3 56. Rd4 Rxc3 57. Rb4 Rxc5 58. Rxb7+ Kf8 59. e5 Rb5 60. Ra7 a5 61. Kf5 Kg7 62. f4 Rc5 63. Ra6 Rb5 64. Ra7 Rc5 65. Kg5 Rb5 66. Re7 Kf8 67. Rc7 Kg7 68. Kf5 Kf8 69. Kg4 Rd5 70. Kg5 Kg7 71. Re7 Rb5 72. f5 a4 73. e6 Kf8 74. Rxf7+ Ke8 75. Ra7 Rb4 76. Kf6 1-0